LEADER 00781nam0-22002891i-450- 001 990002064510403321 005 20150624141209.0 035 $a000206451 035 $aFED01000206451 035 $a(Aleph)000206451FED01 035 $a000206451 100 $a20030910d1923----km-y0itay50------ba 101 0 $aita 200 1 $aFauna alpina$evertebrati delle Alpi$fRenato Perlini 210 $aBergamo$cIstituto Italiano d'Arti Grafiche$d1923 215 $a297 pp.$d33 tv.$d25 cm 610 0 $aFauna 610 0 $aFauna alpina 676 $a591.526 700 1$aPerlini,$bRenato$086284 801 0$aIT$bUNINA$gRICA$2UNIMARC 901 $aBK 912 $a990002064510403321 952 $a61 XA.5/2$b726$fDAGEN 959 $aDAGEN 996 $aFauna alpina$9393751 997 $aUNINA